<?xml version="1.0" encoding="UTF-8"?>
<record
    xmlns:xsi="http://www.w3.org/2001/XMLSchema-instance"
    xsi:schemaLocation="http://www.loc.gov/MARC21/slim http://www.loc.gov/standards/marcxml/schema/MARC21slim.xsd"
    xmlns="http://www.loc.gov/MARC21/slim">

  <leader>02371    a2200253   4500</leader>
  <controlfield tag="001">49815</controlfield>
  <controlfield tag="005">20260407155759.0</controlfield>
  <controlfield tag="008">260407a1995    arg                 spa d</controlfield>
  <controlfield tag="003">AR-UNSa-BCEJYS</controlfield>
  <datafield tag="040" ind1=" " ind2=" ">
    <subfield code="a">AR-UNSa-BCEJYS</subfield>
    <subfield code="b">spa</subfield>
    <subfield code="c">AR-UNSa-BCEJYS</subfield>
  </datafield>
  <datafield tag="080" ind1=" " ind2=" ">
    <subfield code="a">330.34</subfield>
    <subfield code="x">Desarrollo Econ&#xF3;mico</subfield>
  </datafield>
  <datafield tag="245" ind1="1" ind2="0">
    <subfield code="a">Desarrollo del an&#xE1;lisis econ&#xF3;mico</subfield>
  </datafield>
  <datafield tag="020" ind1=" " ind2=" ">
    <subfield code="a">84-8086-176-3</subfield>
  </datafield>
  <datafield tag="264" ind1=" " ind2="1">
    <subfield code="a">Barcelona :</subfield>
    <subfield code="b">Irwin</subfield>
    <subfield code="c">1995</subfield>
  </datafield>
  <datafield tag="300" ind1=" " ind2=" ">
    <subfield code="a">xvi, 616 p.</subfield>
    <subfield code="c">23 cm.</subfield>
  </datafield>
  <datafield tag="505" ind1=" " ind2=" ">
    <subfield code="a">PARTE I: Econom&#xED;a precl&#xE1;sica: 1. Las obras maestras de la antig&#xFC;edad como fuentes del pensamiento econ&#xF3;mico - 2. Los or&#xED;genes de la econom&#xED;a anal&#xED;tica - 3. La transici&#xF3;n a la econom&#xED;a cl&#xE1;sica -- PARTE II: La econom&#xED;a cl&#xE1;sica: 4. La fisiocracia: El comienzo de la econom&#xED;a anal&#xED;tica - 5. Adam Smith: de la Filosof&#xED;a moral a la econom&#xED;a pol&#xED;tica - 6. La econom&#xED;a pol&#xED;tica del comportamiento de la poblaci&#xF3;n y de la demanda agregada - 7. An&#xE1;lisis econ&#xF3;mico de las participaciones distributivas - 8. El clasicismo madura - 9. Revisi&#xF3;n de la teor&#xED;a cl&#xE1;sica -- PARTE III: Los cr&#xED;ticos del clasicismo: 10. Una investigaci&#xF3;n sobre la &#x201C;ley del movimiento&#x201D; del sistema capitalista - 11. Los precursores del marginalismo - 12. La primera generaci&#xF3;n de marginalistas: Jevons, Walras y Menger - 13. La segunda generaci&#xF3;n de marginalistas -- PARTE IV: La tradici&#xF3;n neocl&#xE1;sica, 1890-1945: 14. Alfred Marshall y la tradici&#xF3;n neocl&#xE1;sica - 15. La nueva teor&#xED;a del bienestar y del comportamiento del consumidor - 16. Chamberlain, Robinson y otros te&#xF3;ricos del precio - 17. Los te&#xF3;ricos neocl&#xE1;sicos monetarios y del ciclo de negocios -- PARTE V: La disidencia del neoclasicismo, 1890-1945: 18. La disidencia de los institucionalistas estadounidenses - 19. Socialismo sin marxismo - 20. La econom&#xED;a de menos del pleno empleo de J. M. Keynes -- PARTE VI: Mas all&#xE1; de la alta teor&#xED;a: 21. El surgimiento de la econometr&#xED;a como disciplina hermana de la econom&#xED;a - 22. Los Keynesianos, neo-walrasianos y monetarias - 23. La tradici&#xF3;n de Chicago - 24. Algunas controversias modernas. </subfield>
  </datafield>
  <datafield tag="041" ind1=" " ind2=" ">
    <subfield code="a">spa</subfield>
  </datafield>
  <datafield tag="942" ind1=" " ind2=" ">
    <subfield code="c">BK</subfield>
  </datafield>
  <datafield tag="590" ind1=" " ind2=" ">
    <subfield code="a">niveau_biblio:m niveau_hierar:0</subfield>
  </datafield>
  <datafield tag="100" ind1="1" ind2=" ">
    <subfield code="a">Rima, Ingrid Hahne</subfield>
  </datafield>
  <datafield tag="700" ind1="1" ind2=" ">
    <subfield code="a">Mondrag&#xF3;n Ram&#xED;rez, Alejandro</subfield>
  </datafield>
  <datafield tag="700" ind1="1" ind2=" ">
    <subfield code="a">McCadden, Carlos</subfield>
  </datafield>
  <datafield tag="856" ind1="4" ind2="1">
    <subfield code="u">https://www.biblioeco.unsa.edu.ar/pmb/images/libros/L128187.jpg</subfield>
    <subfield code="y">Imagen de portada</subfield>
    <subfield code="q">image/jpeg</subfield>
  </datafield>
  <datafield tag="999" ind1=" " ind2=" ">
    <subfield code="c">4886</subfield>
    <subfield code="d">4886</subfield>
  </datafield>
  <datafield tag="952" ind1=" " ind2=" ">
    <subfield code="0">0</subfield>
    <subfield code="1">0</subfield>
    <subfield code="4">0</subfield>
    <subfield code="7">0</subfield>
    <subfield code="a">BCEJYS</subfield>
    <subfield code="b">BCEJYS</subfield>
    <subfield code="c">16</subfield>
    <subfield code="d">2026-04-07</subfield>
    <subfield code="l">0</subfield>
    <subfield code="o">330.34 R575</subfield>
    <subfield code="p">L128187</subfield>
    <subfield code="r">2026-04-07 15:57:59</subfield>
    <subfield code="w">2026-04-07</subfield>
    <subfield code="y">L</subfield>
  </datafield>
</record>
